000 00284nam a2200109Ia 4500
008 190216s9999||||xx |||||||||||||| ||und||
100 _aAgarwala . A N
245 0 _aHigher Science Of Accountancy
260 _bPublications Division Govt. Of India
_c1978
300 _a1334p
942 _cBK
999 _c4350
_d4350